|
|
|
|
| LEADER |
00000nam0a2200000 4500 |
| 001 |
334187 |
| 005 |
20231102004629.0 |
| 010 |
|
|
|a 9785976507869
|
| 010 |
|
|
|a 978-5-02034707-6
|
| 035 |
|
|
|a (RuTPU)RU\TPU\book\360216
|
| 035 |
|
|
|a RU\TPU\book\249300
|
| 090 |
|
|
|a 334187
|
| 100 |
|
|
|a 20170713d2015 m y0rusy50 ca
|
| 101 |
0 |
|
|a rus
|
| 102 |
|
|
|a RU
|
| 105 |
|
|
|a y j 001zy
|
| 200 |
1 |
|
|a Лексические трудности при изучении русского языка
|e учебное пособие
|f С. П. Розанова, Т. В. Шустикова
|
| 210 |
|
|
|a Москва
|c Наука
|c Флинта
|d 2015
|
| 215 |
|
|
|a 184 с.
|
| 225 |
1 |
|
|a Русский язык как иностранный
|
| 320 |
|
|
|a Цитируемая литература: с. 176-178.
|
| 330 |
|
|
|a Учебное пособие "Лексические трудности при изучении русского языка" предназначено для иностранных студентов, осваивающих русский язык на базовом и первом сертификационном уровнях общего владения. Содержание заданий соответствует программному материалу но русскому языку и Государственному стандарту для данного этапа обучения. Пособие может быть использовано на следующих сертификационных уровнях для самостоятельной работы обучающихся.
|
| 606 |
1 |
|
|a Русский язык
|x Для других народов
|x Учебные руководства и пособия
|2 stltpush
|3 (RuTPU)RU\TPU\subj\26400
|9 50340
|
| 610 |
1 |
|
|a лексика
|
| 610 |
1 |
|
|a грамматика
|
| 610 |
1 |
|
|a разговорная речь
|
| 610 |
1 |
|
|a русский для иностранцев
|
| 610 |
1 |
|
|a трудности
|
| 610 |
1 |
|
|a изучение
|
| 610 |
1 |
|
|a ошибки
|
| 610 |
1 |
|
|a упражнения
|
| 686 |
|
|
|a Ш141.2-96
|v LBC/SL-A
|2 rubbk
|
| 700 |
|
1 |
|a Розанова
|b С. П.
|g Светлана Петровна
|
| 701 |
|
1 |
|a Шустикова
|b Т. В.
|g Татьяна Викторовна
|
| 801 |
|
1 |
|a RU
|b 63413507
|c 20121221
|
| 801 |
|
2 |
|a RU
|b 63413507
|c 20221213
|g RCR
|
| 900 |
|
|
|a Русский язык как иностранный
|
| 942 |
|
|
|c BK
|
| 959 |
|
|
|a 162/20121218
|d 12
|e 125,00
|